000 00829nam a2200229 a 4500
001 000045393
005 20240530073923.0
008 150306s2014 dr r 000 f spa d
020 _a9789945589238
040 _aDO-SdBNP
_bspa
_cBNPHU
082 _aRD863.44
_bL864e
100 1 _aLópez Rondón, Rafaela,
_d1968-
_973430
245 1 0 _aEn qué estaba pensando :
_brelato de la casa negra /
_cRafaela López Rondón ; prólogo Juan Martínez Luque.
260 _aSanto Domingo :
_bSantuario,
_c2014.
300 _a86 p. ;
_c23 cm.
500 _aIncluye datos biográficos de la autora en la solapa de la cubierta
590 _aInventariado, 2018/BT
650 0 _aNovela dominicana
_9223
650 0 _aLiteratura dominicana.
_967
700 1 2 _aMartínez Luque, Juan,
_epról.
_973431
910 _aValidado. Control de calidad MFF
999 _c44882
_d44882